Guess the Vampire Diaries Character - Statistics

General Stats
  • This quiz has been taken 2,656 times
  • The average score is 26 of 39
Answer Stats
Hint Answer % Correct
Main female character Elena
100%
Very powerful Bennett witch Bonnie
99%
Selfish main character Damon
99%
Blonde loving vampire Caroline
98%
Caring main character Stefan
97%
The Mikaelson who just wanted a family Klaus
89%
Female version of Klaus Rebekah
89%
She’s a doctor and had a horrible Wedding Day Jo
88%
The handsome noble one Elijah
87%
Little Gilbert Jeremy
87%
Red head Aunt Jenna
85%
The one who everyone thinks is gone or dead but then ends up still surviving Katherine
85%
The Mikaelson who is always trying to kill someone Kol
85%
Elena’s Bio Dad John
82%
The Mikaelson who NOBODY liked Finn
81%
Blonde bartender Matt
81%
The best Sheriff and a mother and died to soon Liz
79%
One of the tomb Vampires Jeremys Girlfriend Anna
78%
Calls everyone a d!ck Tyler
75%
Stefans Sober Coach and she deserved SO MUCH BETTER Lexi
72%
Tyler’s wolf friend who had a fling with one of the Mikaelsons Hayley
70%
Evil Doppleganger who is also a Witch and a Vampire Silas
69%
Katherines Daughter Nadia
65%
Also a part of the Gemini Coven and is a Bartender Liv
63%
Long lost Mikaelson Sister Freya
61%
Crazy pants Amara
60%
Her Twin and died to save his older sisters life ^^^ Luke
56%
Mother of the Hertic Family Lily
55%
Elijah’s Doppleganger Love Tatia
55%
Stefans first Love Valerie
54%
She’s a doctor and a founding family member Meredith
50%
The cool History Teacher Ric
46%
Silas OBSESSED Professor Shane
43%
The Gemini Coven Twins who were “Dead” but the lived Josie and Lizzie
38%
Bennett witch who died trying to help Damon Grams
36%
She killed herself to save the love of her life Nora
28%
Vampire hunter who had the Phoenix stone sword Reyna
28%
The love of her life ^^^ Mary-Louise
24%
2000 year old Witch Qetsyiah
5%
No matching quizzes found
Score Distribution
Percent of People with Each Score
Percentile by Number Answered
Your Score History
You have not taken this quiz